LEADER 01644nam a2200349 a 4500 001 000000138039 003 CaOOAMICUS 005 20140408105311.0 008 140408s2013 it u000 u ita r 020 $a978-88-13-32761-3 040 $aPUL$bita 082 04$a343.45 100 1 $aZaccaria, Roberto.$0(OLS)http://pul/name/47861 245 10$aDiritto dell'informazione e della comunicazione /$cRoberto Zaccaria, Alessandra Valastro, Enrico Albanesi ; con la collaborazione di Elda Brogi ... [et al.]. 250 $a8. ed. 260 $aPadova :$bCEDAM,$c2013. 300 $aXIX, 655 p. ;$c24 cm 650 4$aStampa$xDiritto e legislazione$zItalia.$0(OLS)http://pul/subject/27897 650 4$aInformazione$xDiritto e legislazione$zItalia.$0(OLS)http://pul/subject/17008 650 4$aTelevisione$xDiritto e legislazione$zItalia.$0(OLS)http://pul/subject/25499 650 4$aInternet$xDiritto e legislazione$zItalia.$0(OLS)http://pul/subject/35257 700 1 $aAlbanesi, Enrico.$0(OLS)http://pul/name/78604 700 1 $aBrogi, Elda.$0(OLS)http://pul/name/78605 700 1 $aValastro, Alessandra.$0(OLS)http://pul/name/53616 850 $aPUL 852 $aPUL$W1$xSL Diritto e Scienze Sociali 3$y79$m343. 45 ZACRO 2$j159106$qDDC 21$B158656$CPULBib$Z2$F158656 $H123809 $82 941 1 $a9 996 $6020$a978-88-13-32761-3$9(OLS)http://pul/number/155016 996 $6082$a343.45$9(OLS)http://pul/classification/467 996 $6245$aDiritto dell'informazione e della comunicazione$9(OLS)http://pul/title/105349 996 $6260$aPadova :$bCEDAM$9(OLS)http://pul/publisher/48126 LEADER 01413namaa2200373 i 4500 001 000000178141 003 CaOOAMICUS 005 20251017105725.0 007 tu 008 251017s2004 it 000 u ita r 020 $a88-04-51262-8* 040 $aPUL$bita$erda 082 0 $a262.136 100 1 $aGalli, Giancarlo,$d1933-2018,$eautore.$0(OLS)http://pul/name/38602 245 10$aFinanza bianca :$bla chiesa, i soldi, il potere /$cGiancarlo Galli . 250 $a1 edizione giugno 2004 264 4$cİ2004. 264 1$aMilano :$bMondadori,$c[2004] 300 $a229 pagine ;$c22 cm 336 $atesto$btxt$2rdacontent 337 $asenza mediazione$bn$2rdamedia 338 $avolume$bnc$2rdacarrier 490 1 $aFrecce ;$v 504 $aBibliografia : pagine [513]-519. 830 0$aFrecce (Mondadori).$0(OLS)http://pul/title/39392 850 $aPUL 852 $aPUL$W1$xDP1 Fondo Liberati$y125$m2 H 8$j157528$qFondi$B207217$CPULBib$Z2$F207217 $HLib16 $82 941 1 $a1 996 $6020$a88-04-51262-8*$9(OLS)http://pul/number/170623 996 $6082$a262.136$9(OLS)http://pul/classification/2117 996 $6245$aFinanza bianca :$bla chiesa, i soldi, il potere$9(OLS)http://pul/title/219703 996 $6264$aMilano :$bMondadori$9(OLS)http://pul/publisher/50297 996 $6264$a[S.l.] :$b[s.n.]$9(OLS)http://pul/publisher/0